Metody oceny dzialalnosci banku

Salvato in:
Dettagli Bibliografici
Autore principale: Iwanicz-Drozdowska, Małgorzata
Natura: Libro
Lingua:polacco
Pubblicazione: Warszawa Poltext 1999
Serie:Szkola Glówna Handlowa Studia Finansowo-Bankowe
Soggetti:
Tags: Aggiungi Tag
Nessun Tag, puoi essere il primo ad aggiungerne!!

MARC

LEADER 00000nam a2200000 4500
001 c121960
005 20221221082948.4
020 |a 83-86890-71-1 
041 0 |a pol 
044 |a PL 
245 1 0 |a Metody oceny dzialalnosci banku  |c Malgorzata Iwanicz-Drozdowska 
264 1 |a Warszawa  |b Poltext  |c 1999 
300 |a 167 s. 
490 1 |a Szkola Glówna Handlowa  |v Studia Finansowo-Bankowe 
830 0 |a Szkola Glówna Handlowa  |v Studia Finansowo-Bankowe 
610 2 0 |a banky 
610 2 0 |a bankovníctvo 
610 2 0 |a oceňovanie 
610 2 0 |a politika finančná 
610 2 0 |a účty bankové 
610 2 0 |a efektívnosť podnikania 
610 2 0 |a metódy účtovné 
610 2 0 |a kalkulácia 
610 2 0 |a pool zlatý 
610 2 0 |a bilancie 
100 1 |a Iwanicz-Drozdowska, Małgorzata